Alle Spielorte von Fußball-Weltmeisterschaften - Statistiken

Allgemein
  • Dieses Quiz wurde 252 mal gespielt
  • Das Durchschnittsergebnis liegt bei 60 aus 166
Antwortstatistiken
Nr. Spiele Weltmeisterschaft Stadt % Korrekt
11 9 19742006 Berlin
95%
93 11 19742006 München
91%
51 8 19742006 Hamburg
86%
109 9 19381998 Paris
86%
74 10 1966 London
85%
123 9 19341990 Rom
84%
92 12 2018 Moskau
82%
122 15 19502014 Rio de Janeiro
80%
78 7 1982 Madrid
79%
85 9 19381998 Marseille
79%
7 8 1982 Barcelona
78%
32 10 19742006 Dortmund
78%
79 9 19341990 Mailand
78%
83 3 1966 Manchester
78%
12 5 1954 Bern
77%
31 15 2022 Doha
77%
65 5 2006 Köln
77%
147 10 19742006 Stuttgart
77%
87 23 19701986 Mexiko-Stadt
76%
41 10 19742006 Frankfurt am Main
75%
140 3 2002 Seoul
75%
19 7 2014 Brasília
74%
73 5 1966 Liverpool
74%
153 7 19341990 Turin
74%
20 12 1978 Buenos Aires
73%
77 6 1998 Lyon
73%
69 5 2006 Leipzig
72%
96 7 19341990 Neapel
72%
43 10 19742006 Gelsenkirchen
71%
61 8 2010 Kapstadt
71%
166 6 1954 Zürich
71%
34 5 1974 Düsseldorf
70%
135 12 19502014 São Paulo
69%
58 15 2010 Johannesburg
68%
102 5 2006 Nürnberg
68%
157 3 1982 Valencia
67%
52 9 19742006 Hannover
66%
141 4 1982 Sevilla
66%
9 6 1954 Basel
64%
14 3 1966 Birmingham
59%
18 9 19381998 Bordeaux
59%
44 4 1954 Genf
59%
90 18 1930 Montevideo
59%
10 9 19502014 Belo Horizonte
57%
13 3 1982 Bilbao
55%
45 5 19341990 Genua
55%
38 7 19341990 Florenz
53%
59 5 2006 Kaiserslautern
52%
72 1 1938 Lille
50%
115 6 2010 Pretoria
49%
165 4 2002 Yokohama
49%
30 6 1994 Dallas
48%
108 3 1990 Palermo
48%
16 6 19341990 Bologna
47%
23 5 1994 Chicago
47%
81 4 1958 Malmö
47%
94 6 1998 Nantes
46%
133 7 2018 Sankt Petersburg
46%
163 5 1994 Washington D.C.
46%
47 7 1958 Göteborg
45%
80 3 1982 Málaga
45%
144 6 2018 Sotschi
45%
62 6 2018 Kasan
44%
106 3 2002 Osaka
43%
8 5 1990 Bari
42%
33 7 2010 Durban
42%
48 18 19701986 Guadalajara
42%
134 10 1962 Santiago de Chile
42%
151 8 19381998 Toulouse
42%
146 1 1938 Straßburg
41%
25 8 1978 Córdoba
40%
82 4 2014 Manaus
39%
160 4 1990 Verona
38%
15 6 2010 Bloemfontein
35%
46 3 1982 Gijón
35%
67 5 1954 Lausanne
35%
91 6 1998 Montpellier
35%
136 3 2002 Sapporo
33%
142 4 1966 Sheffield
33%
21 3 2002 Busan
32%
119 6 19502014 Recife
32%
89 8 1986 Monterrey
31%
128 6 1998 Saint-Étienne
31%
22 3 1990 Cagliari
30%
70 6 1998 Lens
30%
56 4 2018 Jekaterinburg
28%
120 1 1938 Reims
28%
125 5 2018 Rostow
28%
164 4 2018 Wolgograd
26%
39 6 2014 Fortaleza
25%
60 4 2018 Kaliningrad
25%
113 8 2010 Port Elizabeth
25%
114 7 19502014 Porto Alegre
25%
137 3 1982 Saragossa
25%
155 3 1990 Udine
25%
64 3 2002 Kōbe
24%
124 6 1978 Rosario
24%
131 6 2018 Samara
24%
27 7 19502014 Curitiba
23%
76 10 2022 Lusail
23%
110 8 1994 Pasadena
23%
2 3 1982 Alicante
22%
66 3 1982 La Coruña
22%
71 11 19701986 León
22%
105 5 1994 Orlando
22%
161 3 1982 Vigo
22%
127 9 1998 Saint-Denis
21%
130 6 2014 Salvador
21%
148 4 1966 Sunderland
21%
100 6 2018 Nischni Nowgorod
20%
143 8 1958 Solna
20%
28 4 2002 Daegu
18%
68 1 1938 Le Havre
18%
75 1 1954 Lugano
18%
158 3 1982 Valladolid
15%
95 4 2014 Natal
14%
101 3 1958 Norrköping
14%
107 3 1982 Oviedo
14%
26 4 2014 Cuiabá
13%
36 3 1982 Elche
13%
54 3 2002 Incheon
13%
116 8 19701986 Puebla
13%
152 1 1934 Triest
13%
88 3 1966 Middlesbrough
12%
53 2 1958 Helsingborg
11%
86 6 1978 Mendoza
11%
3 7 2022 al-Wakra
10%
126 6 2010 Rustenburg
10%
150 7 19701986 Toluca
10%
1 9 2022 al-Chaur
9%
6 23 2022 ar-Rayyan
9%
97 4 2010 Nelspruit
9%
99 3 2002 Niigata
9%
104 1 1958 Örebro
9%
129 4 2002 Saitama
9%
138 4 2018 Saransk
9%
35 7 1994 East Rutherford
8%
40 6 1994 Foxborough
8%
111 4 2010 Polokwane
8%
117 4 1986 Querétaro
8%
156 3 2002 Ulsan
8%
5 7 1962 Arica
7%
49 3 2002 Gwangju
7%
112 4 1994 Pontiac
7%
17 2 1958 Borås
6%
29 3 2002 Daejeon
6%
84 6 1978 Mar del Plata
6%
98 3 1986 Nezahualcóyotl
6%
139 3 2002 Seogwipo
6%
159 2 1958 Västerås
6%
4 1 1938 Antibes
5%
24 3 1938 Colombes
5%
55 3 1986 Irapuato
5%
63 3 2002 Kashima
5%
103 3 2002 Ōita
5%
118 7 1962 Rancagua
5%
149 4 2002 Suwon
5%
162 8 1962 Viña del Mar
5%
37 1 1958 Eskilstuna
4%
50 2 1958 Halmstad
4%
57 3 2002 Jeonju
4%
121 3 2002 Rifu
4%
154 1 1958 Uddevalla
4%
132 2 1958 Sandviken
3%
145 6 1994 Stanford
2%
42 3 2002 Fukoroi
0%
Keine übereinstimmenden Quizze gefunden
Verteilung der Resultate
Anzahl Personen mit jedem Resultat
Perzentil nach korrekt beantworteten Fragen
Ihre Resultats-Entwicklung
Sie haben dieses Quiz noch nicht gespielt